Score 0/25 Timer 02:00
0 Plays Today
Hint Answer % Correct
_____ RainierMount
100%
Crater _____Lake
94.4%
Wind _____Cave
94.4%
Rocky _____Mountain
94.4%
Kings _____Canyon
94.4%
Grand _____Canyon
94.4%
Great Smoky _____Mountains
94.4%
Carlsbad _____Caverns
94.4%
Guadalupe _____Mountains
94.4%
Kobuk _____Valley
94.4%
_____ ClarkLake
94.4%
Death _____Valley
94.4%
Black _____ of the GunnisonCanyon
94.4%
Hint Answer % Correct
Cuyahoga _____Valley
94.4%
Mammoth _____Cave
94.4%
Bryce _____Canyon
94.4%
Virgin _____Islands
88.9%
Channel _____Islands
88.9%
Hot _____Springs
83.3%
_____ VerdeMesa
72.2%
_____ RoyaleIsle
72.2%
Great Sand _____Dunes
72.2%
Hawaii _____Volcanoes
66.7%
Glacier _____Bay
61.1%
Kenai _____Fjords
44.4%
Remove Ads.
Support Sporcle.
Get the best of Sporcle when you Go Orange. This ad-free experience offers more features, more stats, and more fun while also helping to support Sporcle. Thank you for becoming a member.

You're not logged in!

Compare scores with friends on all Sporcle quizzes.
OR
Log In

Show Comments

Extras

Top Quizzes Today


Score Distribution

Your Account Isn't Verified!

In order to create a playlist on Sporcle, you need to verify the email address you used during registration. Go to your Sporcle Settings to finish the process.

Report this User

Report this user for behavior that violates our Community Guidelines.

Details: